A Amazônia na Era Pombalina : (Record no. 1224)

MARC details
000 -LÍDER
Campo Fixo de Controle 01023nam a2200265 a 4500
001 - NÚMERO DE CONTROLE
Campo de Controle 1224
003 - IDENTIFICAÇÃO DO NÚMERO DE CONTROLE
Campo de Controle BR-CuiBMT
005 - DATA E HORA DA ÚLTIMA ATUALIZAÇÃO
Campo de Controle 20231204234658.0
008 - DADOS FIXOS
Dados Fixos 231201s2005 dfba 001 0 por d
040 ## - AGÊNCIA CATALOGADORA
Código da Agência Catalogadora BR-CuiBMT
Agência que transcreveu o registro BR-CuiBMT
080 ## - Nº DA CLASSIFICAÇÃO DECIMAL UNIVERSAL
Nº Class. CDU 94
Subd. Auxiliar Comum (811).031
Nº edição CDU 2007
090 ## - NÚMERO DE CHAMADA
Nº classificação 94(811).031
Cutter M539a
Ano/Edição 2. ed.
100 1# - ENTRADA PRINCIPAL -- AUTOR PESSOAL
Nome pessoal Mendonça, Marcos Carneiro de,
Datas associadas ao nome 1894-
245 12 - TÍTULO PRINCIPAL
Título principal A Amazônia na Era Pombalina :
Subtítulo correspondência do governador e capitão-general do Estado de Grão-Pará e Maranhão, Francisco Xavier de Mendonça Furtado : 1751-1759 /
Indicação de responsabilidade Marcos Carneiro de Mendonça.
250 ## - EDIÇÃO
Edição 2. ed.
260 ## - PUBLICAÇÃO, DISTRIBUIÇÃO, ETC.
Local de publicação Brasília :
Editora Senado Federal,
Data 2005.
300 ## - DESCRIÇÃO FÍSICA
N. páginas ou volumes 3 v. :
Ilustrações il. ;
Dimensões 23 cm
490 1# - INDICAÇÃO DE SÉRIE
Título da série Coleção edições do Senado Federal ;
Volume/designação sequencial da série v. 49-B
504 ## - NOTA DE BIBLIOGRAFIA, ETC.
Nota de bibliografia Inclui bibliografia e índice.
590 ## - NOTA LOCAL
Nota local A Biblioteca possui apenas o volume 2.
650 ## - ASSUNTO TÓPICO
Cabeçalho tópico ou nome geográfico Amazônia
Subdivisão geral Era Pombalina
-- História
650 ## - ASSUNTO TÓPICO
Cabeçalho tópico ou nome geográfico Amazônia
Subdivisão geral História
Subdivisão cronológica Século XVIII
830 #0 - ENTRADA SECUNDÁRIA DE SÉRIE -- TÍTULO UNIFORME
Título uniforme Edições do Senado Federal ;
Nº do volume/designação sequencial da série 49-B
942 ## - ELEMENTOS DE ENTRADA ADICIONAIS (KOHA)
Fonte de classificação ou esquema de arquivamento Classificação Decimal Universal
Tipo de item do Koha Livros
Holdings
Estado: removido Estado: perdido Fonte de classificação ou esquema de arquivamento Estado: danificado Indisponível para empréstimo Localização permanente Localização atual Data de aquisição Numeração serial ou cronológica (Volume) Total Checkouts Número de Chamada completo Código de barras Date last seen Número do exemplar Preço efetivo a partir de Tipo de item (Koha)
    Classificação Decimal Universal     Biblioteca da Escola Superior de Contas do TCE/MT Biblioteca da Escola Superior de Contas do TCE/MT 01/12/2023 v. 2   94(811).031 M539a 2. ed. BIBTCEMT23120026 01/12/2023 Ex. 1 01/12/2023 Livros

Powered by Koha